| 000 | 00751nam a2200217 a 4500 | ||
|---|---|---|---|
| 003 | 0 | ||
| 005 | 20250201083435.0 | ||
| 008 | 130901s19uu xx 00 eng d | ||
| 050 |
_aPGS GV 1469.3 _b.Sh556 2013 |
||
| 100 | _aShin, Young Aaron B. | ||
| 245 |
_aVideo gaming and eating habits / _cYoung Aaron B. Shin. |
||
| 260 |
_aLas PiƱas City, Philippines : _bSouthville International School and Colleges, _c2013. |
||
| 300 |
_a31 p. : _bill. ; _c28 cm. |
||
| 504 | _aIncludes bibliographical references. | ||
| 650 |
_aVideo games _vPsychological aspects. |
||
| 650 |
_aVideo games _vSocial aspects. |
||
| 650 |
_aEating habits _vChildren. |
||
| 650 |
_aNutrition _vChildren. |
||
| 650 |
_aChild health _vVideo game effects. |
||
| 942 |
_2lcc _cPASS |
||
| 999 |
_c99075 _d99075 |
||